Bulletin series.

Saved in:
Bibliographic Details
New Title:Popular bulletin (South African Ornithologists' Union)
Corporate Author: South African Ornithologists' Union.
Format: Journal
Language:English
Published: Pretoria, Transvaal : South African Ornithologists' Union, 1914-
Subjects:
Tags: Add Tag
No Tags, Be the first to tag this record!
LEADER 00764nas a2200241Ia 4500
001 003473134-2
005 20020606093309.7
008 920330u19149999sa x p 0 a0eng d
035 0 |a ocm25556129 
040 |a SMI  |c SMI  |d HMZ 
090 |a QL671  |b .J87 
130 0 |a Bulletin series (South African Ornithologists' Union) 
245 1 0 |a Bulletin series. 
260 |a Pretoria, Transvaal :  |b South African Ornithologists' Union,  |c 1914- 
300 |a v. ;  |c 22 cm. 
362 0 |a No. 3 (Feb. 1914)- 
500 |a Title from cover. 
500 |a Each issue has distinctive title. 
650 0 |a Ornithology  |v Periodicals. 
710 2 |a South African Ornithologists' Union. 
785 0 0 |t Popular bulletin (South African Ornithologists' Union) 
988 |a 20020608 
906 |0 OCLC